| 000 | 00460nam a2200193 a 4500 | ||
|---|---|---|---|
| 001 | 1553 | ||
| 003 | CO-ViMGA | ||
| 008 | 141112s2004 ck r 000 u spa d | ||
| 040 |
_aCO-ViMGA _bspa _cCO-ViMGA |
||
| 082 | _a530 B832 | ||
| 100 | 1 |
_aBueche, Frederick _94979 |
|
| 245 | 1 | 0 | _aFĂsica general |
| 250 | _a2a | ||
| 260 |
_aMexico : _bMcGraw Hill, _c1991 |
||
| 300 | _a407 p : il | ||
| 590 | _aEjemplares : 2 | ||
| 650 | 1 | 4 |
_aFISICA _94980 |
| 942 |
_2ddc _cBK |
||
| 999 |
_c10542 _d10542 |
||